Saeed v Plustrade Ltd (Record no. 70824)

MARC details
000 -LEADER
fixed length control field 01505cam a2200229 4500
001 - CONTROL NUMBER
control field ABS65750
008 - FIXED-LENGTH DATA ELEMENTS--GENERAL INFORMATION
fixed length control field 020726n2002 000 0 eng u
035 ## - SYSTEM CONTROL NUMBER
System control number (Sirsi) u119055
245 ## - TITLE STATEMENT
Title Saeed v Plustrade Ltd
260 ## - PUBLICATION, DISTRIBUTION, ETC.
Date of publication, distribution, etc. 2002
490 ## - SERIES STATEMENT
Series statement Estates Gazette
Volume/sequential designation [2002] 25 EG 154-160(7)
520 ## - SUMMARY, ETC.
Summary, etc. CA, 20 December 2001. Claimant tenant (S) held a long lease in a flat owned by the defendant landlord (P). A predecessor of P, Cabtell, had granted the lease with a specified parking right. When S acquired her flat, there was a designated parking area for 13 cars in the forecourt. For a period of three years P carried out refurbishment work to the block of flats, preventing parking in the forecourt and ultimately reducing the number parking spaces from 13 to four. P told S that she had no right to park and that it was not in breach of the lease terms. It was found that S had an easement to park, P's scheme of four parking spaces interfered with that right to park, as did the refurbishment work. On this basis S was awarded £6 300 damages. P appealed. "Held": appeal dismissed; the tenant's rights were binding on the landlord as an overriding interest under the Land Registration Act 1925 s70(1)(g).
590 ## - LOCAL NOTE (RLIN)
Local note ABS
650 ## - SUBJECT ADDED ENTRY--TOPICAL TERM
Topical term or geographic name entry element SAEED V PLUSTRADE
650 ## - SUBJECT ADDED ENTRY--TOPICAL TERM
Topical term or geographic name entry element LAND REGISTRATION ACT 1925
650 ## - SUBJECT ADDED ENTRY--TOPICAL TERM
Topical term or geographic name entry element PARKING RIGHTS
650 ## - SUBJECT ADDED ENTRY--TOPICAL TERM
Topical term or geographic name entry element DAMAGES
650 ## - SUBJECT ADDED ENTRY--TOPICAL TERM
Topical term or geographic name entry element INTERFERENCE
650 ## - SUBJECT ADDED ENTRY--TOPICAL TERM
Topical term or geographic name entry element CAR PARKING
690 ## - LOCAL SUBJECT ADDED ENTRY--TOPICAL TERM (OCLC, RLIN)
Topical term or geographic name as entry element LANDLORD AND TENANT-RESIDENTIAL TENANCIES-CASE LAW
942 ## - ADDED ENTRY ELEMENTS (KOHA)
Suppress in OPAC 0
Holdings
Withdrawn status Lost status Source of classification or shelving scheme Damaged status Not for loan Home library Current library Shelving location Date acquired Total Checkouts Full call number Barcode Date last seen Copy number Price effective from Koha item type
    Dewey Decimal Classification     London London Journal article 26/07/2002   ABS65750 119055-1001 06/08/2019 1 06/08/2019 Law report